[Event "Bad Woerishofen op"]
[Site "Bad Woerishofen"]
[Date "2000.??.??"]
[Round "2"]
[White "Gyimesi, Zoltan"]
[Black "Maahs, Erich"]
[Result "1-0"]
[WhiteElo "2518"]
[BlackElo "2205"]
[PlyCount "51"]
[EventDate "1998.03.05"]
[Source "ChessBase"]
[SourceDate "1998.04.29"]

1. d4 d5 2. c4 Nc6 3. Nc3 e5 4. cxd5 Nxd4 5. e3 Nf5 6. Nf3 Bd6 7. Bb5+ Bd7 8.
Bxd7+ Qxd7 9. e4 Nfe7 10. O-O Nf6 11. Bg5 Ng6 12. Nh4 Nxh4 13. Bxh4 h6 14. Bxf6
gxf6 15. Qf3 Be7 16. Rac1 Rg8 17. Rc2 Rg6 18. Rfc1 Bd6 19. Nd1 O-O-O 20. Ne3
Kb8 21. g3 h5 22. Qxh5 Qa4 23. Nc4 Qxa2 24. Nxd6 cxd6 25. Qh7 Rf8 26. Qxf7 1-0

[Event "Bad Woerishofen op"]
[Site "?"]
[Date "2000.??.??"]
[Round "4"]
[White "Gyimesi, Zoltan"]
[Black "Horther, Heinrich"]
[Result "1-0"]
[WhiteElo "2518"]
[BlackElo "2398"]
[PlyCount "43"]
[EventDate "2000.??.??"]

1. d4 d5 2. c4 e6 3. Nf3 Nf6 4. Nc3 Be7 5. Bf4 O-O 6. e3 Nbd7 7. cxd5 exd5 8.
Rc1 c6 9. Bd3 Re8 10. O-O Nf8 11. Qc2 Ng6 12. Bg3 Bd6 13. Rfe1 Bg4 14. Nd2 Bxg3
15. hxg3 Nf8 16. Ne2 Ne6 17. Nf4 Nxf4 18. gxf4 Bd7 19. Nf3 h6 20. Ne5 Ng4 21.
Bh7+ Kf8 22. Nxd7+ 1-0

[Event "Bad Woerishofen op"]
[Site "?"]
[Date "2000.??.??"]
[Round "6"]
[White "Gyimesi, Zoltan"]
[Black "Wilhelmi, Christian"]
[Result "0-1"]
[WhiteElo "2518"]
[BlackElo "2423"]
[PlyCount "58"]
[EventDate "2000.??.??"]

1. d4 Nf6 2. c4 g6 3. Nc3 d5 4. Nf3 Bg7 5. Qb3 dxc4 6. Qxc4 O-O 7. e4 Nc6 8.
Be2 Bg4 9. d5 Na5 10. Qa4 Bxf3 11. Bxf3 c6 12. O-O b5 13. Qb4 a6 14. Rd1 Nd7
15. Be3 Rc8 16. dxc6 Nxc6 17. Qb3 e6 18. Be2 Qe7 19. a3 Rfd8 20. h3 Nc5 21.
Rxd8+ Rxd8 22. Qc2 Nd4 23. Bxd4 Bxd4 24. Rf1 Qg5 25. b4 Nd7 26. Nd1 Nf6 27. Qc6
Qf4 28. Qxa6 Nxe4 29. Qc6 Rd5 0-1

[Event "Bad Woerishofen op"]
[Site "?"]
[Date "2000.??.??"]
[Round "8"]
[White "Gyimesi, Zoltan"]
[Black "Senff, Martin"]
[Result "1-0"]
[WhiteElo "2518"]
[BlackElo "2349"]
[PlyCount "59"]
[EventDate "2000.??.??"]

1. d4 d5 2. c4 e6 3. Nc3 c6 4. Nf3 Nf6 5. Bg5 dxc4 6. e4 b5 7. e5 h6 8. Bh4 g5
9. Nxg5 hxg5 10. Bxg5 Nbd7 11. exf6 Qb6 12. g3 Bb7 13. Bg2 O-O-O 14. O-O Bh6
15. Bxh6 Rxh6 16. Qd2 Rhh8 17. Qf4 Qc7 18. Qf3 Rh6 19. Ne4 Kb8 20. b3 cxb3 21.
axb3 Nb6 22. Ra3 Nd5 23. Rfa1 Qb6 24. Nc5 Rxf6 25. Qe2 Rf5 26. Qe1 Nc7 27. Rxa7
Bc8 28. Qe4 Rfd5 29. Qf4 R5d6 30. Qxf7 1-0

[Event "Bad Woerishofen op"]
[Site "Bad Woerishofen"]
[Date "2000.??.??"]
[Round "1"]
[White "Haecker, Roland"]
[Black "Huber, Stefan"]
[Result "0-1"]
[WhiteElo "1689"]
[BlackElo "2150"]
[PlyCount "54"]
[EventDate "1998.03.05"]
[Source "ChessBase"]
[SourceDate "1998.04.29"]

1. d4 Nf6 2. c4 g6 3. Nc3 d5 4. e3 Bg7 5. Nf3 O-O 6. Qc2 c5 7. cxd5 cxd4 8.
Nxd4 Nxd5 9. Nxd5 Qxd5 10. Nb5 Nc6 11. a3 Bf5 12. Qc4 Qxc4 13. Bxc4 Rac8 14.
Be2 Na5 15. Bd1 Bd3 16. Nd4 Rfd8 17. Bd2 Nc6 18. Nxc6 Rxc6 19. Rc1 Bxb2 20.
Rxc6 bxc6 21. Bb4 c5 22. Ba5 Bxa3 23. f3 Bb4+ 24. Bxb4 cxb4 25. Ba4 Bc4 26. Kf2
Rd2+ 27. Kg3 b3 0-1

[Event "Bad Woerishofen op"]
[Site "?"]
[Date "2000.??.??"]
[Round "3"]
[White "Haecker, Roland"]
[Black "Jaenig, Reinhard"]
[Result "0-1"]
[WhiteElo "1689"]
[BlackElo "2097"]
[PlyCount "54"]
[EventDate "2000.??.??"]

1. e4 c5 2. Nf3 e6 3. d4 cxd4 4. Nxd4 Qb6 5. Nb3 Qc7 6. Be3 d6 7. Be2 Nf6 8.
Nc3 a6 9. O-O Nbd7 10. f4 b5 11. Bf3 Bb7 12. a3 Rc8 13. Rc1 g6 14. g4 Bg7 15.
Qe1 h5 16. g5 Ng4 17. Bxg4 hxg4 18. Bd4 Bxd4+ 19. Nxd4 Qb6 20. Qf2 Rc4 21. Rcd1
Rh7 22. Rfe1 e5 23. Nd5 Bxd5 24. exd5 Kf8 25. fxe5 dxe5 26. Rxe5 Rxd4 27. Rde1
Nxe5 0-1

[Event "Bad Woerishofen op"]
[Site "?"]
[Date "2000.??.??"]
[Round "5"]
[White "Haecker, Roland"]
[Black "Sepp, Lothar"]
[Result "1/2-1/2"]
[WhiteElo "1689"]
[BlackElo "1877"]
[PlyCount "106"]
[EventDate "2000.??.??"]

1. e4 e6 2. d4 d5 3. exd5 exd5 4. Nf3 Bd6 5. Be2 Ne7 6. O-O O-O 7. Re1 c6 8.
Nbd2 f6 9. Nf1 Be6 10. b3 Qd7 11. Bb2 a5 12. c3 Na6 13. Ne3 Rfe8 14. Qc2 Bf5
15. Nxf5 Qxf5 16. Qxf5 Nxf5 17. Bd3 Nh6 18. Rxe8+ Rxe8 19. Bxa6 bxa6 20. Re1
Kf7 21. Rxe8 Kxe8 22. Kf1 Kd7 23. Ke2 g6 24. h3 Nf7 25. Bc1 Be7 26. Kd3 Ke6 27.
Be3 Nd6 28. c4 Ne4 29. Nd2 f5 30. f3 Nxd2 31. Bxd2 Bd8 32. Kc2 a4 33. Kd3 axb3
34. axb3 h5 35. Bf4 Ba5 36. Bg5 Be1 37. f4 Ba5 38. c5 Be1 39. Ke2 Bc3 40. Kd3
Ba1 41. Bh4 Bb2 42. Be1 Kd7 43. Bd2 Kc8 44. b4 Kd7 45. Be3 Ke6 46. Kc2 Ba1 47.
Kb3 Kd7 48. Kc2 Kc8 49. Kd3 Kb7 50. Bd2 Bb2 51. Be3 Kc8 52. Bd2 Kd7 53. Be3 Kc8
1/2-1/2

[Event "Bad Woerishofen op"]
[Site "?"]
[Date "2000.??.??"]
[Round "7"]
[White "Haecker, Roland"]
[Black "Semmler, Josef"]
[Result "0-1"]
[WhiteElo "1689"]
[BlackElo "1934"]
[PlyCount "126"]
[EventDate "2000.??.??"]

1. e4 c5 2. Nf3 d6 3. d4 cxd4 4. Nxd4 Nc6 5. Nc3 Nf6 6. Be2 e6 7. Be3 Be7 8.
O-O O-O 9. f4 Bd7 10. Bf3 a6 11. a3 Qc7 12. Qd3 Rac8 13. Nb3 b5 14. Rf2 Nb8 15.
Rd1 Bc6 16. Rfd2 Nbd7 17. Kh1 Nc5 18. Nxc5 dxc5 19. e5 Rfd8 20. Qe2 Bxf3 21.
Qxf3 Rxd2 22. Rxd2 Nd7 23. Qe4 Nb6 24. Nd1 Nc4 25. Rd3 h6 26. Bc1 Rd8 27. h3
Rxd3 28. Qxd3 Nb6 29. Ne3 c4 30. Qe2 Bc5 31. c3 Bxe3 32. Bxe3 Nd5 33. Bc1 Qc6
34. Kh2 a5 35. Qf3 Qc5 36. Bd2 Qc7 37. Be1 g6 38. Bf2 b4 39. axb4 axb4 40. Bd4
b3 41. g4 Ne7 42. Kg3 Qc6 43. Qxc6 Nxc6 44. Bc5 g5 45. h4 Kg7 46. Bd6 Nd4 47.
fxg5 hxg5 48. Bb4 gxh4+ 49. Kh3 Nf3 50. Bd6 Kg6 51. Be7 Nxe5 52. Kxh4 Nd3 53.
Ba3 e5 54. Kg3 e4 55. Kg2 Kg5 56. Kg3 f6 57. Bd6 Nxb2 58. Bf4+ Kg6 59. Bc1 Nd3
60. Ba3 b2 61. Bxb2 Nxb2 62. Kf4 Nd1 63. Kxe4 Kg5 0-1

[Event "Bad Woerishofen op"]
[Site "?"]
[Date "2000.??.??"]
[Round "9"]
[White "Haecker, Roland"]
[Black "Koenigseder, Helmut"]
[Result "1/2-1/2"]
[WhiteElo "1689"]
[BlackElo "1753"]
[PlyCount "80"]
[EventDate "2000.??.??"]

1. d4 d5 2. c4 Nc6 3. Nf3 Bg4 4. e3 e5 5. Be2 dxc4 6. d5 e4 7. dxc6 Qxd1+ 8.
Bxd1 exf3 9. gxf3 Bc8 10. Ba4 b6 11. Bb5 Bb4+ 12. Bd2 Bxd2+ 13. Nxd2 Ne7 14.
Rc1 Be6 15. Bxc4 Bxc4 16. Rxc4 O-O-O 17. Rg1 Rhg8 18. Nb3 Rd6 19. Nd4 Rh6 20.
Rg2 Ng6 21. f4 Rh3 22. Nf5 Rh5 23. Nd4 Rd5 24. Rg5 Rdd8 25. Ra4 Kb8 26. Nb5 a5
27. Nd4 Ne7 28. Rb5 Kc8 29. b4 Rxd4 30. exd4 Nxc6 31. bxa5 Nxa5 32. Kd2 f6 33.
Kd3 Re8 34. Raxa5 bxa5 35. Rxa5 Kd7 36. h4 Re1 37. h5 Re6 38. a4 Re1 39. Rc5
Ra1 40. a5 c6 1/2-1/2

[Event "Bad Woerishofen op"]
[Site "Bad Woerishofen"]
[Date "2000.??.??"]
[Round "1"]
[White "Hanisch, Pavel"]
[Black "Sakowski, Christian"]
[Result "1/2-1/2"]
[WhiteElo "2165"]
[BlackElo "1723"]
[PlyCount "141"]
[EventDate "1998.03.05"]
[Source "ChessBase"]
[SourceDate "1998.04.29"]

1. e4 c6 2. d4 d5 3. Nd2 dxe4 4. Nxe4 Nd7 5. Bd3 Ngf6 6. Ng5 e6 7. N1f3 Bd6 8.
Qe2 h6 9. Ne4 Nxe4 10. Qxe4 Nf6 11. Qe2 O-O 12. O-O b6 13. c4 c5 14. dxc5 Bxc5
15. Bf4 Bb7 16. Rad1 Qe7 17. Bb1 Rfd8 18. a3 Bd6 19. Bxd6 Rxd6 20. Rxd6 Qxd6
21. Rd1 Qc7 22. Ne5 Rd8 23. b4 Kf8 24. f4 Rxd1+ 25. Qxd1 Ke7 26. Qd4 Nd7 27.
Nd3 f6 28. Ba2 Qc6 29. Ne1 Qe4 30. Qxe4 Bxe4 31. Kf2 Kd6 32. Ke3 Bb7 33. g3 e5
34. Nd3 Bc6 35. Bb3 Bb7 36. Bd1 Ba6 37. Nb2 exf4+ 38. gxf4 Nf8 39. Bf3 Bc8 40.
Nd3 Ne6 41. Be4 Bd7 42. f5 Ng5 43. h4 Nf7 44. Kd4 Bc6 45. Bxc6 Kxc6 46. c5
bxc5+ 47. bxc5 a5 48. a4 Nd8 49. Nf4 Nf7 50. Ne6 Ne5 51. h5 Nd7 52. Nxg7 Nxc5
53. Ne8 Nd7 54. Ng7 Nf8 55. Kc4 Nd7 56. Ne6 Nb6+ 57. Kd4 Nxa4 58. Nd8+ Kc7 59.
Nf7 Nb6 60. Nxh6 Kd6 61. Ng8 Nd7 62. h6 Nf8 63. Nxf6 a4 64. h7 Nxh7 65. Nxh7 a3
66. Kc3 Ke7 67. Kb3 Kf7 68. Kxa3 Kg7 69. Kb4 Kxh7 70. Kc5 Kg7 71. Kd6 1/2-1/2

[Event "Bad Woerishofen op"]
[Site "?"]
[Date "2000.??.??"]
[Round "3"]
[White "Hanisch, Pavel"]
[Black "Koenigseder, Helmut"]
[Result "1-0"]
[WhiteElo "2165"]
[BlackElo "1753"]
[PlyCount "63"]
[EventDate "2000.??.??"]

1. e4 c5 2. Nf3 d6 3. d4 cxd4 4. Nxd4 Nf6 5. Nc3 a6 6. g3 g6 7. Bg2 Bg7 8. O-O
O-O 9. Bg5 Nbd7 10. Re1 Rb8 11. a4 Qc7 12. a5 b6 13. Nd5 Nxd5 14. exd5 Bxd4 15.
Qxd4 f6 16. Rxe7 Qd8 17. Rae1 Ne5 18. Ra7 fxg5 19. f4 gxf4 20. gxf4 Nd7 21. Re6
Bb7 22. Rxd6 Qc7 23. Rc6 Qd8 24. Bh3 Rf6 25. Bxd7 Qxd7 26. Rxf6 Qg4+ 27. Kf2
Re8 28. Re6 Rf8 29. Re4 Qh4+ 30. Kf1 Qh3+ 31. Ke1 Qc8 32. Re7 1-0

[Event "Bad Woerishofen op"]
[Site "?"]
[Date "2000.??.??"]
[Round "5"]
[White "Hanisch, Pavel"]
[Black "Luecke, Volkmar"]
[Result "0-1"]
[WhiteElo "2165"]
[BlackElo "1948"]
[PlyCount "69"]
[EventDate "2000.??.??"]

1. e4 e6 2. d4 d5 3. Nd2 dxe4 4. Nxe4 Nd7 5. Nf3 Ngf6 6. Bg5 Be7 7. Nxf6+ Bxf6
8. Bxf6 Nxf6 9. Bd3 O-O 10. Qe2 c5 11. O-O-O cxd4 12. Nxd4 Qa5 13. Kb1 Bd7 14.
f4 a6 15. g4 Rfd8 16. g5 Nd5 17. Qe4 g6 18. h4 Bc6 19. Nxc6 bxc6 20. h5 Rab8
21. Kc1 Qxa2 22. hxg6 Qxb2+ 23. Kd2 hxg6 24. Rb1 Qc3+ 25. Ke2 Rxb1 26. Rxb1 Qc5
27. Kf1 a5 28. Rb7 Ne7 29. Rc7 Rd4 30. Qe3 Nf5 31. Rc8+ Kg7 32. Qh3 Rxf4+ 33.
Ke1 Qf2+ 34. Kd1 Rh4 35. Qf1 0-1

[Event "Bad Woerishofen op"]
[Site "Bad Woerishofen"]
[Date "2000.??.??"]
[Round "2"]
[White "Hartoch, Robert"]
[Black "Maugg, Ludwig"]
[Result "1-0"]
[WhiteElo "2318"]
[BlackElo "2148"]
[PlyCount "101"]
[EventDate "1998.03.05"]
[Source "ChessBase"]
[SourceDate "1998.04.29"]

1. Nf3 Nf6 2. g3 g6 3. b3 Bg7 4. Bb2 c5 5. c4 d6 6. Bg2 e5 7. O-O O-O 8. Nc3
Nc6 9. d3 Bf5 10. e4 Bg4 11. h3 Be6 12. Nd5 Qd7 13. Kh2 h6 14. Nh4 Nh5 15. Rb1
Kh7 16. Nf5 gxf5 17. Qxh5 fxe4 18. dxe4 f5 19. exf5 Bxf5 20. Rbe1 Rf7 21. Be4
Raf8 22. Kg2 Bxe4+ 23. Rxe4 Rf5 24. Qe2 Ne7 25. Nxe7 Qxe7 26. Qd3 Kh8 27. f3
R8f7 28. Bc1 Bf8 29. g4 R5f6 30. f4 Qd7 31. f5 a6 32. Rd1 Qe7 33. Qg3 Rh7 34.
Qh4 Qg7 35. Qh5 Qf7 36. Qxf7 Rfxf7 37. Rf1 Be7 38. Re2 Bf6 39. Rd2 Rd7 40. Rfd1
Be7 41. Re2 Bf8 42. Kf3 b5 43. Ke4 bxc4 44. bxc4 Rb7 45. Kd5 Rb4 46. h4 Kg8 47.
Rg1 Kf7 48. g5 hxg5 49. hxg5 Rh4 50. g6+ Kg8 51. f6 1-0

[Event "Bad Woerishofen op"]
[Site "?"]
[Date "2000.??.??"]
[Round "4"]
[White "Hartoch, Robert"]
[Black "Dobierzin, Olaf"]
[Result "1-0"]
[WhiteElo "2318"]
[BlackElo "2144"]
[PlyCount "85"]
[EventDate "2000.??.??"]

1. Nf3 Nf6 2. g3 g6 3. b3 Bg7 4. Bb2 O-O 5. Bg2 d6 6. d4 e5 7. dxe5 Ng4 8. h3
Nxe5 9. Nxe5 dxe5 10. Qxd8 Rxd8 11. Nd2 c6 12. O-O-O Be6 13. Nc4 Nd7 14. Na5
Rab8 15. Bxc6 bxc6 16. Nxc6 Re8 17. Nxb8 Nxb8 18. e3 Nc6 19. f4 Rc8 20. Rh2
exf4 21. exf4 Nb4 22. Bxg7 Kxg7 23. c4 h5 24. Kb2 a5 25. Rd6 Nc6 26. Kc3 Kf8
27. h4 Ke7 28. Rhd2 Rc7 29. a3 a4 30. b4 Na7 31. c5 Nb5+ 32. Kb2 Rc8 33. Ra6
Bb3 34. Rb6 Bc4 35. Ra6 Bb3 36. Ra5 Nc7 37. c6 Ne6 38. b5 Ng7 39. Ra7+ Kf6 40.
c7 Ne6 41. b6 Nc5 42. b7 Nxb7 43. Rxb7 1-0

[Event "Bad Woerishofen op"]
[Site "?"]
[Date "2000.??.??"]
[Round "6"]
[White "Hartoch, Robert"]
[Black "Paehtz, Thomas"]
[Result "0-1"]
[WhiteElo "2318"]
[BlackElo "2423"]
[PlyCount "46"]
[EventDate "2000.??.??"]

1. Nf3 Nf6 2. g3 g6 3. b3 Bg7 4. Bb2 d6 5. d4 O-O 6. Bg2 Nbd7 7. O-O Re8 8.
Nbd2 e5 9. dxe5 dxe5 10. e4 b6 11. Qe2 a5 12. a4 Ba6 13. Nc4 c6 14. Rfd1 Qc7
15. Bf1 Nc5 16. Nfd2 Rad8 17. Qe1 h5 18. f3 Nh7 19. Ne3 Ng5 20. Bxa6 Nxa6 21.
Qe2 Nc5 22. Ndc4 Nce6 23. c3 23... h4 {Zeit} 0-1

[Event "Bad Woerishofen op"]
[Site "?"]
[Date "2000.??.??"]
[Round "8"]
[White "Hartoch, Robert"]
[Black "Loginov, Valeri"]
[Result "1/2-1/2"]
[WhiteElo "2318"]
[BlackElo "2512"]
[PlyCount "63"]
[EventDate "2000.??.??"]

1. Nf3 Nf6 2. g3 b5 3. Na3 a6 4. c4 b4 5. Nc2 e6 6. Bg2 Bb7 7. a3 bxa3 8. b3
Be7 9. O-O O-O 10. Bxa3 d6 11. d3 Nbd7 12. Qd2 Rb8 13. Rfb1 c5 14. Bb2 Ne8 15.
Bc3 Bf6 16. Bxf6 Nexf6 17. Qa5 Bxf3 18. Bxf3 Rb6 19. Ra3 Qc7 20. Rba1 Rfb8 21.
Qd2 Ne5 22. Bg2 Rxb3 23. Rxb3 Rxb3 24. Rxa6 Rb1+ 25. Ne1 h6 26. h3 g6 27. Kh2
Kg7 28. f4 Ned7 29. Nc2 h5 30. Na3 Rb6 31. Nb5 Qd8 32. Qa5 1/2-1/2

[Event "Bad Woerishofen op"]
[Site "Bad Woerishofen"]
[Date "2000.??.??"]
[Round "1"]
[White "Heil, Walter"]
[Black "Kalinitschew, Sergey"]
[Result "0-1"]
[WhiteElo "2080"]
[BlackElo "2504"]
[PlyCount "66"]
[EventDate "1998.03.05"]
[Source "ChessBase"]
[SourceDate "1998.04.29"]

1. e4 c5 2. Nf3 Nc6 3. d4 cxd4 4. Nxd4 e5 5. Nb5 d6 6. N1c3 a6 7. Na3 b5 8. Nd5
Nf6 9. Bg5 Be7 10. Bxf6 Bxf6 11. c3 Bg5 12. Be2 O-O 13. O-O Be6 14. Nc2 Ne7 15.
Nce3 Bxe3 16. Nxe3 Qb6 17. Qd2 Rad8 18. Nd5 Bxd5 19. exd5 f5 20. a4 e4 21. axb5
axb5 22. g3 Rc8 23. b4 Ra8 24. Rfd1 Ng6 25. Qg5 Rxa1 26. Rxa1 f4 27. g4 Qc7 28.
Ra3 Ne5 29. h3 h6 30. Qh5 f3 31. Bf1 e3 32. fxe3 f2+ 33. Kg2 Nc4 0-1

[Event "Bad Woerishofen op"]
[Site "?"]
[Date "2000.??.??"]
[Round "3"]
[White "Heil, Walter"]
[Black "Saumweber, Walter"]
[Result "0-1"]
[WhiteElo "2080"]
[BlackElo "2212"]
[PlyCount "74"]
[EventDate "2000.??.??"]

1. e4 e6 2. d4 d5 3. e5 c5 4. c3 Qb6 5. Nf3 Nc6 6. a3 a5 7. Bd3 Bd7 8. Bc2 Nge7
9. O-O cxd4 10. cxd4 Nf5 11. Bxf5 exf5 12. Nc3 Be6 13. Be3 h6 14. Qa4 Be7 15.
b4 O-O 16. b5 Na7 17. Rab1 Rfc8 18. Qb3 Qd8 19. Nd2 b6 20. Na4 Rab8 21. Qd3 Qd7
22. f4 Rc7 23. Rb3 Rc4 24. Nc3 Rbc8 25. Ne2 a4 26. Rbb1 Nxb5 27. Ng3 Nxa3 28.
Rxb6 Rc3 29. Qe2 Nc2 30. Bf2 a3 31. Qa6 Nb4 32. Qa5 Qc7 33. Nb1 Rb3 34. Nd2 Nc6
35. Rxc6 Qxa5 36. Rxc8+ Bxc8 37. Nxb3 Qb4 0-1

[Event "Bad Woerishofen op"]
[Site "?"]
[Date "2000.??.??"]
[Round "6"]
[White "Heil, Walter"]
[Black "Seidel, Sandra"]
[Result "1-0"]
[WhiteElo "2080"]
[BlackElo "1803"]
[PlyCount "55"]
[EventDate "2000.??.??"]

1. e4 c5 2. Nf3 Nc6 3. d4 cxd4 4. Nxd4 g6 5. Nc3 Bg7 6. Be3 Nf6 7. Be2 O-O 8.
O-O d5 9. Nxc6 bxc6 10. e5 Ne8 11. f4 f6 12. exf6 Nxf6 13. Kh1 Bf5 14. Bf3 Qd7
15. Bc5 Bg4 16. Re1 Rf7 17. Qe2 Rb8 18. Rab1 Bxf3 19. Qxf3 Nh5 20. g3 e5 21.
Rbd1 exf4 22. g4 Bxc3 23. bxc3 Ng7 24. c4 Ne6 25. Bf2 Ng5 26. Qe2 f3 27. Qe5
Ne4 28. Rxe4 1-0

[Event "Bad Woerishofen op"]
[Site "?"]
[Date "2000.??.??"]
[Round "8"]
[White "Heil, Walter"]
[Black "Traub, Heinrich"]
[Result "1-0"]
[WhiteElo "2080"]
[BlackElo "1679"]
[PlyCount "73"]
[EventDate "2000.??.??"]

1. e4 c5 2. Nf3 d6 3. d4 cxd4 4. Nxd4 Nf6 5. Nc3 a6 6. Be3 Nc6 7. f3 e6 8. Qd2
Be7 9. O-O-O Qc7 10. g4 O-O 11. g5 Ne8 12. h4 b5 13. Bd3 Nxd4 14. Bxd4 e5 15.
Nd5 Qb7 16. Bc3 Bd8 17. h5 Be6 18. f4 Bxd5 19. exd5 a5 20. b3 b4 21. Bb2 a4 22.
h6 g6 23. Bc4 f6 24. fxe5 fxe5 25. Rdf1 Rxf1+ 26. Rxf1 axb3 27. Bxb3 Qe7 28.
Qxb4 Qxg5+ 29. Kb1 Qxh6 30. Qb7 Nc7 31. Bxe5 Qh3 32. Re1 Qh4 33. Bc3 Qg3 34.
Kb2 Qh4 35. Qc6 Bf6 36. Qxc7 Qxe1 37. Bxf6 1-0

[Event "Bad Woerishofen op"]
[Site "?"]
[Date "2000.??.??"]
[Round "2"]
[White "Heinbuch, Detlef"]
[Black "Liedtke, Dirk"]
[Result "1/2-1/2"]
[WhiteElo "2394"]
[BlackElo "2168"]
[PlyCount "139"]
[EventDate "2000.??.??"]

1. d4 g6 2. Nf3 Bg7 3. c4 d6 4. g3 Bg4 5. Bg2 Nc6 6. d5 Bxf3 7. Bxf3 Ne5 8. Bg2
Nf6 9. O-O O-O 10. Na3 c5 11. dxc6 Nxc6 12. Rb1 a5 13. b3 Qd7 14. e4 Qe6 15.
Re1 Nd7 16. Nb5 Rac8 17. Be3 Rfd8 18. f4 b6 19. Bf2 Nc5 20. a3 Nd7 21. a4 Nc5
22. Qf3 Qd7 23. Rbd1 Na7 24. Na3 Qc7 25. Rd2 Rf8 26. h4 Qb7 27. Qe3 Qb8 28.
Red1 Qc7 29. Kh2 Rcd8 30. Qf3 Qb8 31. h5 Qc7 32. Rd5 e6 33. R5d2 Qb8 34. Bd4
Bxd4 35. Rxd4 Qc7 36. R4d2 Qe7 37. hxg6 hxg6 38. Qc3 f6 39. Rh1 Kf7 40. Nc2
Rh8+ 41. Kg1 Rxh1+ 42. Bxh1 Rh8 43. Bg2 Qc7 44. Ne3 Nc6 45. g4 Rh4 46. Rf2 Ne7
47. g5 Nd7 48. f5 gxf5 49. exf5 e5 50. Nd5 Qc5 51. g6+ Ke8 52. Qg3 Qd4 53. Nxe7
Qd1+ 54. Rf1 Qd4+ 55. Qf2 Kxe7 56. Qxd4 Rxd4 57. Bd5 Kf8 58. Rf3 Rh4 59. Kf2
Nc5 60. Ke2 Kg7 61. Kd2 e4 62. Rg3 Rf4 63. Be6 Rh4 64. Kc3 Rh1 65. Bd5 Rf1 66.
b4 axb4+ 67. Kxb4 Rxf5 68. Kb5 Rg5 69. Ra3 Rxg6 70. Kxb6 1/2-1/2

[Event "Bad Woerishofen op"]
[Site "?"]
[Date "2000.??.??"]
[Round "4"]
[White "Heinbuch, Detlef"]
[Black "Sprenger, Jan"]
[Result "1/2-1/2"]
[WhiteElo "2394"]
[BlackElo "2256"]
[PlyCount "80"]
[EventDate "2000.??.??"]

1. d4 Nf6 2. Nf3 g6 3. c4 Bg7 4. Nc3 O-O 5. g3 d6 6. Bg2 c5 7. dxc5 dxc5 8. Be3
Nc6 9. Qxd8 Rxd8 10. Bxc5 Be6 11. Nd2 Nd7 12. Ba3 Nb6 13. Bxc6 bxc6 14. Bxe7
Rd7 15. Bg5 Nxc4 16. O-O-O Nxd2 17. Bxd2 Rad8 18. b3 c5 19. Bg5 Rxd1+ 20. Rxd1
Rxd1+ 21. Nxd1 c4 22. b4 c3 23. a3 Bc4 24. e3 Bd3 25. Be7 c2 26. Nb2 Bxb2+ 27.
Kxb2 f5 28. Bg5 Kf7 29. a4 a6 30. e4 Bxe4 31. Kc3 Bc6 32. b5 axb5 33. axb5 Bxb5
34. Kxc2 Ke6 35. Kd2 Kd5 36. Ke3 Ke6 37. Kf4 Be2 38. Bd8 Kf7 39. Kg5 Kg8 40.
Kf6 Bg4 1/2-1/2

[Event "Bad Woerishofen op"]
[Site "?"]
[Date "2000.??.??"]
[Round "6"]
[White "Heinbuch, Detlef"]
[Black "Florea, Dan"]
[Result "1/2-1/2"]
[WhiteElo "2394"]
[BlackElo "2274"]
[PlyCount "41"]
[EventDate "2000.??.??"]

1. c4 c5 2. Nf3 Nf6 3. Nc3 e6 4. d4 cxd4 5. Nxd4 Bb4 6. Bd2 O-O 7. g3 Nc6 8.
Nc2 Bc5 9. Bg2 d5 10. cxd5 exd5 11. O-O h6 12. Na4 Be7 13. Be3 Qa5 14. Nc3 Rd8
15. a3 Be6 16. Nd4 Ng4 17. Bf4 Nxd4 18. Qxd4 Rd7 19. b4 Qd8 20. h3 Bf6 21. Qd2
1/2-1/2

[Event "Bad Woerishofen op"]
[Site "?"]
[Date "2000.??.??"]
[Round "7"]
[White "Heinbuch, Detlef"]
[Black "Epishin, Vladimir"]
[Result "1/2-1/2"]
[WhiteElo "2394"]
[BlackElo "2667"]
[PlyCount "96"]
[EventDate "2000.??.??"]

1. c4 Nf6 2. g3 c6 3. Bg2 d5 4. cxd5 cxd5 5. Nf3 e6 6. O-O Be7 7. d4 O-O 8. Bg5
Qb6 9. Qb3 Nc6 10. e3 Bd7 11. Ne5 Be8 12. Nc3 h6 13. Bxf6 Bxf6 14. Nxc6 bxc6
15. Qc2 c5 16. dxc5 Qxc5 17. Rfc1 Qb6 18. Qd2 Rd8 19. Rc2 d4 20. exd4 Bxd4 21.
Rac1 f5 22. Qe2 Kh8 23. Kh1 f4 24. Ne4 fxg3 25. hxg3 Bb5 26. Qg4 Bd7 27. b3 e5
28. Qh4 Qg6 29. Kh2 Bb6 30. Bh3 Bb5 31. Rc8 Bd3 32. f3 Rxc8 33. Rxc8 Rxc8 34.
Bxc8 Qc6 35. Bf5 Bf1 36. Nd2 Qc5 37. Nxf1 Qf2+ 38. Kh3 Qxf3 39. Qe4 Qxf1+ 40.
Kg4 Qd1+ 41. Kh3 h5 42. Bg6 Bd8 43. Kg2 Qd2+ 44. Kh3 Qd7+ 45. Kg2 Qd2+ 46. Kh3
Qd1 47. Kg2 Qd2+ 48. Kh3 Qd1 1/2-1/2

[Event "Bad Woerishofen op"]
[Site "?"]
[Date "2000.??.??"]
[Round "9"]
[White "Heinbuch, Detlef"]
[Black "Bischoff, Klaus"]
[Result "0-1"]
[WhiteElo "2394"]
[BlackElo "2544"]
[PlyCount "120"]
[EventDate "2000.??.??"]

1. c4 e5 2. g3 Nf6 3. Bg2 d5 4. cxd5 Nxd5 5. Nc3 Nb6 6. Nf3 Nc6 7. d3 Be7 8.
O-O O-O 9. a3 Re8 10. h3 Bf8 11. Kh2 Nd4 12. Nd2 c6 13. b3 g6 14. Bb2 Bg7 15.
Nce4 f5 16. Nc5 Nd7 17. Nxd7 Bxd7 18. e3 Ne6 19. Qc2 Qc7 20. b4 Rad8 21. Rfd1
Bc8 22. Nc4 Ng5 23. Qe2 Be6 24. Rac1 Nf7 25. Rd2 Qe7 26. Rcd1 Bxc4 27. dxc4 e4
28. Rxd8 Rxd8 29. Bxg7 Kxg7 30. f3 exf3 31. Qxf3 Rxd1 32. Qxd1 Qxe3 33. Qd7 f4
34. gxf4 Qxf4+ 35. Kh1 Qxc4 36. Qxb7 Qc1+ 37. Kh2 Qxa3 38. Bxc6 Qa2+ 39. Kh1
Kh6 40. Bd5 Qa1+ 41. Kg2 Qb2+ 42. Kh1 Qc1+ 43. Kg2 Qd2+ 44. Kh1 Qe1+ 45. Kg2
Qe2+ 46. Kh1 Nd6 47. Qc8 Qf1+ 48. Kh2 Qf2+ 49. Bg2 Qf4+ 50. Kh1 Nb5 51. Qe8 Nd4
52. Qa8 Qc1+ 53. Kh2 Qc7+ 54. Kh1 Ne6 55. Qe8 Qc1+ 56. Kh2 Qf4+ 57. Kh1 Ng7 58.
Qe7 Qf2 59. b5 Nh5 60. h4 Nf6 0-1

[Event "Bad Woerishofen op"]
[Site "Bad Woerishofen"]
[Date "2000.??.??"]
[Round "1"]
[White "Heinig, Wolfram"]
[Black "Carl, Werner"]
[Result "1/2-1/2"]
[WhiteElo "2287"]
[BlackElo "1900"]
[PlyCount "88"]
[EventDate "1998.03.05"]
[Source "ChessBase"]
[SourceDate "1998.04.29"]

1. d4 Nf6 2. c4 g6 3. Nc3 Bg7 4. e4 d6 5. Be2 O-O 6. Bg5 c6 7. Qd2 Qc7 8. h4 h5
9. f3 Re8 10. Nh3 Bxh3 11. Rxh3 Nbd7 12. g4 e5 13. d5 cxd5 14. Nxd5 Nxd5 15.
Qxd5 Nf6 16. Bxf6 Bxf6 17. gxh5 gxh5 18. O-O-O Rad8 19. Rg3+ Kh7 20. f4 Rg8 21.
Rxg8 Kxg8 22. f5 Bxh4 23. Rg1+ Kf8 24. Bxh5 Qe7 25. Kc2 Rc8 26. b4 a5 27. a3
axb4 28. axb4 Ra8 29. Kb3 Qd7 30. b5 Rc8 31. Rd1 Rd8 32. Rh1 Bf6 33. Ra1 Rc8
34. Ra7 Rb8 35. Kc2 Bh4 36. Qd2 Bf6 37. Qd5 Bh4 38. Qd2 Bf6 39. Qh6+ Bg7 40.
Qg5 Qe7 41. Qd2 Bf6 42. Qd5 Bh4 43. Ra3 Rc8 44. Ra7 Rb8 1/2-1/2

[Event "Bad Woerishofen op"]
[Site "?"]
[Date "2000.??.??"]
[Round "3"]
[White "Heinig, Wolfram"]
[Black "Woerl, Richard"]
[Result "1/2-1/2"]
[WhiteElo "2287"]
[BlackElo "2120"]
[PlyCount "127"]
[EventDate "2000.??.??"]

1. d4 d5 2. c4 e6 3. Nf3 Nf6 4. g3 c6 5. Qc2 Bd6 6. Bg2 Nbd7 7. O-O O-O 8. Nbd2
Re8 9. b3 e5 10. cxd5 cxd5 11. dxe5 Nxe5 12. Bb2 Bg4 13. Nxe5 Bxe5 14. Bxe5
Rxe5 15. Nf3 Bxf3 16. Bxf3 Rc8 17. Qb2 Qe7 18. Rac1 Re8 19. Rc2 Ne4 20. Rfc1
Ng5 21. Bg2 Ne4 22. Rc7 Qe6 23. h4 Nxf2 24. Bf3 Ne4 25. Kg2 g5 26. Rc8 Rf5 27.
Rxe8+ Qxe8 28. Qd4 Qe6 29. Bg4 Qe5 30. Rc8+ Kg7 31. Qxe5+ Rxe5 32. Rc7 gxh4 33.
gxh4 h5 34. Bf3 Nd6 35. Rd7 Nf5 36. Kf2 Nxh4 37. Bxd5 Rf5+ 38. Kg3 Ng6 39. Bxb7
Rg5+ 40. Kh2 Ne5 41. Rc7 Kf6 42. Bc8 a5 43. Ra7 Ng6 44. Ba6 Ne5 45. Bc8 Ng6 46.
Ra6+ Kg7 47. Bb7 Nf4 48. Bf3 Ne6 49. Rd6 Kf6 50. Rd5 Rxd5 51. Bxd5 Nf4 52. Bc4
Ke5 53. Bxf7 Nxe2 54. Bxh5 Nc1 55. b4 axb4 56. Bf7 Kd4 57. Kg3 Kc3 58. Kf4 Kb2
59. Ke4 Nxa2 60. Kd4 Nc1 61. Kc4 Ka3 62. Kb5 Nd3 63. Bg8 Ne5 64. Be6 1/2-1/2